000 00831nam a2200193 a 4500
001 000046401
005 20240226130804.0
008 150807s2005 dr ac 000 0 spa d
040 _aDO-SdBNP
_bspa
_cBNPHU
082 _axxxx
_bxxxx
100 1 _aVicioso, Sherezada,
_d1948-
_919504
245 1 3 _aEl teatro dominicano :
_buna visión femenina o de género /
_cChiqui Sherezada Vicioso.
260 _aSanto Domingo :
_bDe Colores,
_c2005.
300 _a95 p. :
_bil., retrs. ;
_c21 cm.
500 _aIncluye datos biográficos de la autora en la solapa de la contracubierta
504 _aBibliografía : p. 25-26
505 0 _aEl teatro dominicano /
_rSherezada Vicioso --
_tLo eterno /
_rDelia Weber --
_tTrago amargo (Wish-ky sour) /
_rSherezada Vicioso --
_tDominicanish /
_rJosefina Baéez.
586 _aPremio Nacional de Ensayo, 2003
999 _c45890
_d45890